000 00312nam a2200133Ia 4500
008 210312s9999||||xx |||||||||||||| ||und||
041 _aosm
050 _aPL31
050 _bN43
100 _aNecip Asım
245 0 _aOrhun abideleri
260 _c1340
650 _aYazıtlar--Türk Yazıtlar--Orhun Yazıtları
999 _c22111
_d22111